En torno a "montoneras" y "montoneros" : Politica y disputas por la imposicion de sentidos en la historiografia argentina (Registro nro. 463587)

Detalles MARC
001 - NÚMERO DE CONTROL
campo de control 1094753
005 - FECHA Y HORA DE LA ÚLTIMA TRANSACCIÓN
campo de control 20240202085041.0
008 - DATOS DE LONGITUD FIJA--INFORMACIÓN GENERAL
campo de control de longitud fija 080731s2008 spa
035 ## - NÚMERO DE CONTROL DEL SISTEMA
Número de control de sistema 1094753
035 ## - NÚMERO DE CONTROL DEL SISTEMA
Número de control de sistema (OCoLC)820435681
040 ## - FUENTE DE LA CATALOGACIÓN
Centro/agencia transcriptor comduadb
041 ## - CÓDIGO DE LENGUA
Código de lengua del texto/banda sonora o título independiente spa
100 10 - ENTRADA PRINCIPAL--NOMBRE DE PERSONA
Nombre de persona Orbe, Patricia A.
Código de función aut
Término indicativo de función/relación Autor/a
9 (RLIN) 559669
245 10 - MENCIÓN DE TÍTULO
Título En torno a "montoneras" y "montoneros" : Politica y disputas por la imposicion de sentidos en la historiografia argentina
650 ## - PUNTO DE ACCESO ADICIONAL DE MATERIA--TÉRMINO DE MATERIA
Término de materia o nombre geográfico como elemento de entrada Montoneros
9 (RLIN) 111499
650 ## - PUNTO DE ACCESO ADICIONAL DE MATERIA--TÉRMINO DE MATERIA
Término de materia o nombre geográfico como elemento de entrada Historiografia - Argentina
9 (RLIN) 163632
650 ## - PUNTO DE ACCESO ADICIONAL DE MATERIA--TÉRMINO DE MATERIA
Término de materia o nombre geográfico como elemento de entrada Argentina - Historia politica - Siglo XIX
9 (RLIN) 60631
773 0# - ENLACE AL DOCUMENTO FUENTE/ENTRADA DE REGISTRO ANFITRIÓN
Título Cuadernos Americanos (México)
Parte(s) relacionada(s) Volumen 002, Número 123, Enero-Marzo 2008, p. 95-111
Número de control del registro 116900
Número Internacional Estándar del Libro 0185156X
Número bibliográfico anfitrión 68748
942 ## - ELEMENTOS DE ENTRADA AGREGADA (KOHA)
Tipo de ítem Koha Artículo de Revista

No hay ítems disponibles.